Survey of Migration Into Khon Kaen Province 1989

Gespeichert in:
Bibliographische Detailangaben
Format: Buch
Sprache:Thailändisch
Englisch
Veröffentlicht: Bangkok National Statistical Office 1989
Tags: Tag hinzufügen
Keine Tags, Fügen Sie das erste Tag hinzu!

MARC

LEADER 00000nam a2200000 4500
001 c003293
005 20251217135937.7
041 0 |a tha 
041 0 |a eng 
044 |a TH 
245 1 0 |a Survey of Migration Into Khon Kaen Province 1989 
264 1 |a Bangkok  |b National Statistical Office  |c 1989 
300 |a 53 s.